000 00430nam a2200181Ia 4500
001 2217
005 20260306143826.0
008 260306t2022||||xx |||||||||||||| ||spa||
041 _aESP
082 _a616.079
_bA111
100 _aAbbas, Abul K.,
_eAUT
245 0 _aInmunologĂ­a celular y molecular
260 _c2022
300 _axii, 587 páginas :
_c28 cm.
650 _aGEN
654 _aCCS
942 _cLIB
_dJUS
_fJUS
_2ddc
_n
999 _c2217
_d2217